| 000 | 01103nam a22002537a 4500 | ||
|---|---|---|---|
| 003 | OSt | ||
| 005 | 20260211085245.0 | ||
| 008 | 240821b ||||| |||| 00| 0 eng d | ||
| 040 | _c0 | ||
| 082 | _aDPer 361.05 J826 January-April 2020 v. 67 n. 1-3 | ||
| 100 |
_aMekawi, Yara. _eauthor. _958734 |
||
| 245 |
_aDistinguishing "I don't see color" from "Racism is a thing of the past" : _bpsychological correlates of avoiding race and denying racism / _cYara Mekawi, Nathan R. Todd, Jacqueline Yi, and Emily J. Blevins. |
||
| 260 |
_aWashington ; _bAmerican Psychological Association , _cApril 2020. |
||
| 300 |
_aVolume 67, pages 288-302 : _billustration ; _c28 cm. |
||
| 500 | _aJournal of Counseling Psychology, vol. 67, no. 3, pages 288-302, April 2020. | ||
| 650 | 0 |
_aAttitude ethnology. _965370 |
|
| 650 | 0 |
_aRacism ethnology psychology. _965371 |
|
| 650 | 0 |
_aStudents psychology. _965333 |
|
| 700 |
_aMekawi, Yara. _eauthor. _958734 |
||
| 700 |
_aTodd, Nathan R. _eauthor. _958735 |
||
| 700 |
_aYi, Jacqueline. _eauthor. _958736 |
||
| 700 |
_aBlevins, Emily J. _eauthor. _958737 |
||
| 942 |
_2ddc _cPER |
||
| 999 |
_c20789 _d20789 |
||